| 000 | 00582nam a2200169 4500 | ||
|---|---|---|---|
| 001 | 143130 | ||
| 003 | ES-MaACL | ||
| 007 | t| | ||
| 008 | 070214s1973 xxk r ||||1| eng d | ||
| 100 | 1 |
_aSelznick, David O. _9105365 |
|
| 245 | 1 | 0 |
_aMemo / _cfrom David O. Selznick ; selected and edited by Rudy Behlmer ; with an introduction by S. N. Behrman. |
| 260 |
_aLondon [etc.] : _bMacmillan, _c1973 ( _eExeter : _fA. Wheaton) |
||
| 300 |
_aXXIV, 518 p., 32 lám. ; _c24 cm. |
||
| 700 | 1 |
_aBehlmer, Rudy. _927053 |
|
| 700 | 1 |
_aBehrman, S. N. _927065 |
|
| 852 |
_aES-MaACL _jE-5290 _bR.89675 |
||
| 999 |
_c143130 _d143130 |
||